Operation Research (Record no. 5194)

MARC details
000 -LEADER
fixed length control field 00369nam a2200157Ia 4500
008 - FIXED-LENGTH DATA ELEMENTS--GENERAL INFORMATION
fixed length control field 191201s2012 xx 000 0 und d
020 ## - INTERNATIONAL STANDARD BOOK NUMBER
International Standard Book Number 9788121902816
082 ## - DEWEY DECIMAL CLASSIFICATION NUMBER
Classification number 003
Item number HIO
100 ## - MAIN ENTRY--PERSONAL NAME
Personal name GUPTA, Prem Kumar
245 #0 - TITLE STATEMENT
Title Operation Research
250 ## - EDITION STATEMENT
Edition statement Rep
260 ## - PUBLICATION, DISTRIBUTION, ETC. (IMPRINT)
Place of publication, distribution, etc N. Delhi
Name of publisher, distributor, etc S Chand and Co. Ltd.
Date of publication, distribution, etc 2012
300 ## - PHYSICAL DESCRIPTION
Extent 1418
650 ## - SUBJECT ADDED ENTRY--TOPICAL TERM
Topical term or geographic name as entry element MCA
942 ## - ADDED ENTRY ELEMENTS (KOHA)
Source of classification or shelving scheme Dewey Decimal Classification
Koha item type Text Books
Holdings
Withdrawn status Lost status Source of classification or shelving scheme Damaged status Not for loan Collection code Home library Current library Date acquired Source of acquisition Cost, normal purchase price Bill Number Total Checkouts Full call number Acc. no. / Barcode Date last seen Bill Date Koha item type Date last borrowed Checked out Public note
    Dewey Decimal Classification     MCA PIET C-LIBRARY PIET C-LIBRARY 05/03/2012 IBH, New Delhi 575.00 19789   003 GUO 19084 04/12/2019 03/03/2012 Text Books      
    Dewey Decimal Classification     MCA PIET C-LIBRARY PIET C-LIBRARY 05/03/2012 IBH, New Delhi 575.00 19789   003 GUO 19085 04/12/2019 03/03/2012 Text Books      
    Dewey Decimal Classification     MCA PIET C-LIBRARY PIET C-LIBRARY 05/03/2012 IBH, New Delhi 575.00 19789 2 003 GUO 19086 13/01/2021 03/03/2012 Text Books 12/03/2020    
    Dewey Decimal Classification     MCA PIET C-LIBRARY PIET C-LIBRARY 05/03/2012 IBH, New Delhi 575.00 19789   003 GUO 19087 04/12/2019 03/03/2012 Text Books      
    Dewey Decimal Classification     MCA PIET C-LIBRARY PIET C-LIBRARY 05/03/2012 IBH, New Delhi 575.00 19789   003 GUO 19088 04/12/2019 03/03/2012 Text Books      
    Dewey Decimal Classification     MCA PIET C-LIBRARY PIET C-LIBRARY 05/03/2012 IBH, New Delhi 575.00 19789 1 003 GUO 19089 06/11/2020 03/03/2012 Text Books 06/11/2020 20/11/2020  
    Dewey Decimal Classification     MCA PIET C-LIBRARY PIET C-LIBRARY 05/03/2012 IBH, New Delhi 575.00 19789   003 GUO 19090 04/12/2019 03/03/2012 Text Books      
    Dewey Decimal Classification     MCA PIET C-LIBRARY PIET C-LIBRARY 05/03/2012 IBH, New Delhi 575.00 19789   003 GUO 19091 04/12/2019 03/03/2012 Text Books      
    Dewey Decimal Classification     MCA PIET C-LIBRARY PIET C-LIBRARY 05/03/2012 IBH, New Delhi 575.00 19789   003 GUO 19092 04/12/2019 03/03/2012 Text Books      
    Dewey Decimal Classification     MCA PIET C-LIBRARY PIET C-LIBRARY 05/03/2012 IBH, New Delhi 575.00 19789   003 GUO 19093 04/12/2019 03/03/2012 Text Books     Damage
    Dewey Decimal Classification     MCA PIET C-LIBRARY PIET C-LIBRARY 05/03/2012 IBH, New Delhi 575.00 19789   003 GUO 19094 04/12/2019 03/03/2012 Text Books      
    Dewey Decimal Classification     MCA PIET C-LIBRARY PIET C-LIBRARY 05/03/2012 IBH, New Delhi 575.00 19789   003 GUO 19095 04/12/2019 03/03/2012 Text Books      
    Dewey Decimal Classification     MCA PIET C-LIBRARY PIET C-LIBRARY 05/03/2012 IBH, New Delhi 575.00 19789   003 GUO 19096 04/12/2019 03/03/2012 Text Books      
    Dewey Decimal Classification     MCA PIET C-LIBRARY PIET C-LIBRARY 05/03/2012 IBH, New Delhi 575.00 19789   003 GUO 19097 04/12/2019 03/03/2012 Text Books      
    Dewey Decimal Classification     MCA PIET C-LIBRARY PIET C-LIBRARY 05/03/2012 IBH, New Delhi 575.00 19789 2 658.4034 GUO 19098 08/02/2024 03/03/2012 Text Books 25/01/2024    
    Dewey Decimal Classification     MCA PIET C-LIBRARY PIET C-LIBRARY 05/03/2012 IBH, New Delhi 575.00 19789   003 GUO 19099 04/12/2019 03/03/2012 Text Books      
    Dewey Decimal Classification     MCA PIET C-LIBRARY PIET C-LIBRARY 05/03/2012 IBH, New Delhi 575.00 19789   003 GUO 19100 04/12/2019 03/03/2012 Text Books      
    Dewey Decimal Classification     MCA PIET C-LIBRARY PIET C-LIBRARY 05/03/2012 IBH, New Delhi 575.00 19789   003 GUO 19101 04/12/2019 03/03/2012 Text Books      
    Dewey Decimal Classification     MCA PIET C-LIBRARY PIET C-LIBRARY 05/03/2012 IBH, New Delhi 575.00 19789 1 658.4034 GUO 19102 01/12/2020 03/03/2012 Text Books 19/12/2019    
    Dewey Decimal Classification     MCA PIET C-LIBRARY PIET C-LIBRARY 05/03/2012 IBH, New Delhi 575.00 19789   003 GUO 19103 04/12/2019 03/03/2012 Text Books      

Design & Developed by: PIET Central Library
R70 Miles Stone Pattikalyana Samalkha Panipat 132102
mail ID :- [email protected], Phone No:- 0180-2569700 Ex.216